LEADER 01186nam a2200253 i 4500 001 000000027201 003 CaOOAMICUS 005 20220209132304.0 008 180830s1892 fr u000 u fre u 040 $aSeMil$bita 100 1 $aMarquardt, Joachim <1812-1882>.$0(OLS)http://semarc/name/5472 245 10$aVie privée des Romains /$cpar Joachim Marquardt ; ouvrage traduite sur la 2. éd. allemande avec l'autorisation de l'éditeur par Victor Henry. 260 $aParis :$bErnest Thorin,$c1892-1893. 300 $a2 v. ;$c25 cm. 500 $aNota ms. di possesso autografa di A. Ratti (Pio XI) in cop. 650 4$aRoma antica - Usi e costumi.$0(OLS)http://semarc/subject/4369 650 4$aRoma antica - Civiltà.$0(OLS)http://semarc/subject/4277 700 1 $aHenry, Victor <1850-1907>.$0(OLS)http://semarc/name/12352 773 0 $aMommsen, Theodor <1817-1903>$tManuel des antiquités romaines.$dParis : Fontemoing, 1887-1907.$w()11347 774 0 $tTome 1.$g1$w()214925 774 0 $tTome 2.$g2$w()214926 996 $6245$aVie privée des Romains$9(OLS)http://semarc/title/36800 996 $6260$aParis :$bErnest Thorin$9(OLS)http://semarc/publisher/35431 LEADER 02350nam a2200409 i 4500 001 000000059155 003 CaOOAMICUS 005 20050401000000.0 008 050401s1997 it u000 u ita u 013 $a30327 020 $a8876106375 040 $aSeMil$bita 245 10$aIntrodurre gli adulti alla fede :$bla logica catecumenale nella pastorale ordinaria /$cG. Canobbio ... [et al.]. 260 $aMilano :$bÀncora,$ccopyr. 1997. 300 $a185 p. ;$c19 cm. 490 0 $aStrumenti per il lavoro pastorale ;$v18 650 4$aCatechesi.$0(OLS)http://semarc/subject/3693 650 4$aAdulti - Educazione.$0(OLS)http://semarc/subject/5441 650 4$aCatechesi - Adulti - Educazione cristiana.$0(OLS)http://semarc/subject/3455 700 1 $aCanobbio, Giacomo,$d<1945- >.$0(OLS)http://semarc/name/2572 774 0 $aCanobbio, Giacomo <1945- >$tPerché è urgente una nuova evangelizzazione.$w()297446 774 0 $aColzani, Gianni <1940- >$tInterpretazione dell'oggi.$w()297447 774 0 $aDianich, Severino <1934- >$tComunicare la fede.$w()297448 774 0 $aRuspi, Walter$tPastorale ordinaria e logica catecumenale.$w()297449 774 0 $tAccoglienza e pazienza per una più fedele pastorale ordinaria.$w()297450 774 0 $aGuidotti, Beniamino$tCammino di riappropriazione della fede attraverso la «Lectio divina».$w()297451 774 0 $aBonasio, Carlo$tEsperienza con i giovani-adulti che chiedono il Battesimo o la Cresima.$w()297452 774 0 $aBrovelli, Franco <1941- >$t"figura" del prete nel compito di introdurre altri alla fede ; Per concludere ... aprendo qualche pista.$w()297453 774 0 $aDe Scalzi, Erminio $tPastorale di una città in logica catecumenale.$w()297454 774 0 $aBressan, Luca $tTentativo di proposta organica.$w()297455 830 0$aStrumenti per il lavoro pastorale ;$v18.$0(OLS)http://semarc/title/7227 850 $aSeMil 852 $aSeMil$W1$xVenegono$y1$m2F I 350$j25308$B25308$CSeMilBibl$Z2$F25311 $81 961 $aOmaggio: Delpini mons. Mario 996 $6020$a8876106375$9(OLS)http://semarc/number/34978 996 $6245$aIntrodurre gli adulti alla fede :$bla logica catecumenale nella pastorale ordinaria$9(OLS)http://semarc/title/92388 996 $6260$aMilano :$bÀncora$9(OLS)http://semarc/publisher/29763